000
00307 a2200133 4500
001
62694
020
_a
9788539400430
040
_c
Anchieta - Pituba
240
1
0
_a
Contos para meninos, volume 2
_l
por
245
1
0
_a
Contos para meninos, volume 2
300
_a
61
650
4
_a
Literatura juvenil
942
_c
BK
999
_c
62694
_d
62694